[Event "Stay Safe Play From Home 279"]
[Site "Emanuel Lasker Arena"]
[Date "2020.07.05"]
[Round "7"]
[White "Lazieri3"]
[Black "Haris kollari 13"]
[Result "1/2-1/2"]
[WhiteElo "2085"]
[BlackElo "1857"]
[Annotator "NA"]
[PlyCount "106"]
[EventDate "2020.07.05"]
[EventType "swiss (blitz)"]

1. e4 {[%emt 0:00:01]} e6 {[%emt 0:00:01]} 2. d4 {[%emt 0:00:03]} d5 {[%emt 0:00:01]} 3. exd5 {[%emt 0:00:00]} exd5 {[%emt 0:00:01]} 4. Bf4 {[%emt 0:00:00]} c6 {[%emt 0:00:01]} 5. Nf3 {[%emt 0:00:01]} Be6 {[%emt 0:00:01]} 6. Bd3 {[%emt 0:00:01]} Nf6 {[%emt 0:00:01]} 7. O-O {[%emt 0:00:01]} h6 {[%emt 0:00:02]} 8. Re1 {[%emt 0:00:01]} Be7 {[%emt 0:00:01]} 9. c3 {[%emt 0:00:01]} Nbd7 {[%emt 0:00:01]} 10. Ne5 {[%emt 0:00:01]} O-O {[%emt 0:00:02]} 11. Nxd7 {[%emt 0:00:01]} Qxd7 {[%emt 0:00:03]} 12. Nd2 {[%emt 0:00:00]} Bd6 {[%emt 0:00:01]} 13. Bxd6 {[%emt 0:00:01]} Qxd6 {[%emt 0:00:01]} 14. Nf3 {[%emt 0:00:01]} Bg4 {[%emt 0:00:02]} 15. h3 {[%emt 0:00:01]} Bh5 {[%emt 0:00:02]} 16. Be2 {[%emt 0:00:01]} Rfe8 {[%emt 0:00:01]} 17. Ne5 {[%emt 0:00:01]} Bxe2 {[%emt 0:00:03]} 18. Rxe2 {[%emt 0:00:00]} Re6 {[%emt 0:00:03]} 19. Ng4 {[%emt 0:00:05]} Nxg4 {[%emt 0:00:03]} 20. hxg4 {[%emt 0:00:02]} Rae8 {[%emt 0:00:01]} 21. Rxe6 {[%emt 0:00:01]} Qxe6 {[%emt 0:00:01]} 22. a4 {[%emt 0:00:45]} Qe2 {[%emt 0:00:03]} 23. Qxe2 {[%emt 0:00:10]} Rxe2 {[%emt 0:00:02]} 24. b4 {[%emt 0:00:01]} Rc2 {[%emt 0:00:03]} 25. Ra3 {[%emt 0:00:02]} Kf8 {[%emt 0:00:01]} 26. f3 {[%emt 0:00:04]} Ke7 {[%emt 0:00:01]} 27. b5 {[%emt 0:00:10]} Kf6 {[%emt 0:00:05]} 28. Kh2 {[%emt 0:00:06]} Kg5 {[%emt 0:00:05]} 29. Kg3 {[%emt 0:00:01]} f5 {[%emt 0:00:02]} 30. gxf5 {[%emt 0:00:05]} Kxf5 {[%emt 0:00:01]} 31. Rb3 {[%emt 0:00:44]} g5 {[%emt 0:00:04]} 32. a5 {[%emt 0:00:30]} h5 {[%emt 0:00:02]} 33. a6 {[%emt 0:00:06]} bxa6 {[%emt 0:00:12]} 34. bxc6 {[%emt 0:00:01]} Ke6 {[%emt 0:00:01]} 35. c7 {[%emt 0:00:28]} Kd7 {[%emt 0:00:01]} 36. Rb7 {[%emt 0:00:01]} Rxc3 {[%emt 0:00:04]} 37. c8=Q+ {[%emt 0:00:09]} Kxc8 {[%emt 0:00:02]} 38. Rxa7 {[%emt 0:00:00]} Rc6 {[%emt 0:00:02]} 39. f4 {[%emt 0:00:06]} gxf4+ {[%emt 0:00:02]} 40. Kxf4 {[%emt 0:00:00]} Kb8 {[%emt 0:00:01]} 41. Rh7 {[%emt 0:00:03]} Rc2 {[%emt 0:00:06]} 42. Rxh5 {[%emt 0:00:12]} Rxg2 {[%emt 0:00:02]} 43. Ke5 {[%emt 0:00:06]} Kb7 {[%emt 0:00:07]} 44. Kxd5 {[%emt 0:00:01]} Rg7 {[%emt 0:00:03]} 45. Rh6 {[%emt 0:00:13]} Rd7+ {[%emt 0:00:04]} 46. Ke5 {[%emt 0:00:03]} Re7+ {[%emt 0:00:02]} 47. Re6 {[%emt 0:00:02]} Rh7 {[%emt 0:00:03]} 48. d5 {[%emt 0:00:01]} a5 {[%emt 0:00:01]} 49. d6 {[%emt 0:00:02]} Rh5+ {[%emt 0:00:01]} 50. Kf6 {[%emt 0:00:01]} Kc6 {[%emt 0:00:02]} 51. Re5 {[%emt 0:00:14]} Rh6+ {[%emt 0:00:17]} 52. Kg5 {[%emt 0:00:01]} Rxd6 {[%emt 0:00:07]} 53. Rxa5 {[%emt 0:00:01]} Kb6 {[%emt 0:00:00] Lazieri3 offers a draw (Lag: Av=0.56s, max=1.1s)} 1/2-1/2

[Event "Stay Safe Play From Home 279"]
[Site "Emanuel Lasker Arena"]
[Date "2020.07.05"]
[Round "7"]
[White "Don59as"]
[Black "Haxhi Baha"]
[Result "1-0"]
[WhiteElo "2034"]
[BlackElo "1949"]
[Annotator "NA RC"]
[PlyCount "57"]
[EventDate "2020.07.05"]
[EventType "swiss (blitz)"]

1. c4 {[%emt 0:00:02]} e5 {[%emt 0:00:03]} 2. Nc3 {[%emt 0:00:02]} Nc6 {[%emt 0:00:00]} 3. g3 {[%emt 0:00:01]} Bc5 {[%emt 0:00:01]} 4. Bg2 {[%emt 0:00:01]} a6 {[%emt 0:00:01]} 5. e3 {[%emt 0:00:01]} d6 {[%emt 0:00:02]} 6. Nge2 {[%emt 0:00:01]} Bf5 {[%emt 0:00:01]} 7. d4 {[%emt 0:00:04]} Ba7 {[%emt 0:00:04]} 8. O-O {[%emt 0:00:02]} Nge7 {[%emt 0:00:05]} 9. b3 {[%emt 0:00:01]} Qd7 {[%emt 0:00:01]} 10. Re1 {[%emt 0:00:04]} O-O-O {[%emt 0:00:05]} 11. Bb2 {[%emt 0:00:01]} Bh3 {[%emt 0:00:01]} 12. Bh1 {[%emt 0:00:03]} h5 {[%emt 0:00:01]} 13. Nd5 {[%emt 0:00:01]} h4 {[%emt 0:00:07]} 14. Rc1 {[%emt 0:00:12]} hxg3 {[%emt 0:00:03]} 15. Nxg3 {[%emt 0:00:11]} Bg4 {[%emt 0:00:02]} 16. Qd2 {[%emt 0:00:04]} Ng6 {[%emt 0:00:33]} 17. f3 {[%emt 0:00:12]} Bh5 {[%emt 0:00:21]} 18. b4 {[%emt 0:00:12]} Nh4 {[%emt 0:00:03]} 19. Rf1 {[%emt 0:00:11]} Qh3 {[%emt 0:00:45]} 20. b5 {[%emt 0:00:16]} Nb8 {[%emt 0:00:05]} 21. b6 {[%emt 0:00:13]} cxb6 {[%emt 0:00:08]} 22. dxe5 {[%emt 0:00:32]} dxe5 {[%emt 0:00:22]} 23. Bxe5 {[%emt 0:00:04]} Nc6 {[%emt 0:00:01]} 24. Bc7 {[%emt 0:00:21]} Rde8 {[%emt 0:00:45]} 25. Bxb6 {[%emt 0:00:14]} Bb8 {[%emt 0:00:01]} 26. f4 {[%emt 0:00:12]} g5 {[%emt 0:00:42]} 27. Nf6 {[%emt 0:00:17]} gxf4 {[%emt 0:00:07]} 28. Nfxh5 {[%emt 0:00:21]} Rxh5 {[%emt 0:00:24]} 29. exf4 {[%emt 0:00:04] Time (Lag: Av=0.91s, max=1.3s)} 1-0

[Event "Stay Safe Play From Home 279"]
[Site "Emanuel Lasker Arena"]
[Date "2020.07.05"]
[Round "7"]
[White "Dukic"]
[Black "Möwe"]
[Result "1-0"]
[WhiteElo "1795"]
[BlackElo "1639"]
[Annotator "NA"]
[PlyCount "53"]
[EventDate "2020.07.05"]
[EventType "swiss (blitz)"]

1. c4 {[%emt 0:00:02]} c5 {[%emt 0:00:01]} 2. Nc3 {[%emt 0:00:02]} Nc6 {[%emt 0:00:01]} 3. Nf3 {[%emt 0:00:00]} e6 {[%emt 0:00:01]} 4. d4 {[%emt 0:00:01]} Nf6 {[%emt 0:00:01]} 5. d5 {[%emt 0:00:01]} exd5 {[%emt 0:00:01]} 6. cxd5 {[%emt 0:00:01]} Nb4 {[%emt 0:00:05]} 7. e4 {[%emt 0:00:07]} d6 {[%emt 0:00:02]} 8. h3 {[%emt 0:00:05]} Be7 {[%emt 0:00:02]} 9. Bf4 {[%emt 0:00:03]} O-O {[%emt 0:00:02]} 10. a3 {[%emt 0:00:09]} Na6 {[%emt 0:00:04]} 11. Nd2 {[%emt 0:00:01]} Nc7 {[%emt 0:00:03]} 12. Bd3 {[%emt 0:00:08]} a6 {[%emt 0:00:01]} 13. a4 {[%emt 0:00:03]} Re8 {[%emt 0:00:02]} 14. O-O {[%emt 0:00:02]} Bd7 {[%emt 0:00:01]} 15. Nc4 {[%emt 0:00:18]} b5 {[%emt 0:00:03]} 16. Nxd6 {[%emt 0:00:03]} Bxd6 {[%emt 0:00:02]} 17. Bxd6 {[%emt 0:00:01]} c4 {[%emt 0:00:01]} 18. Bc2 {[%emt 0:00:03]} b4 {[%emt 0:00:05]} 19. e5 {[%emt 0:00:28]} bxc3 {[%emt 0:00:10]} 20. exf6 {[%emt 0:00:03]} cxb2 {[%emt 0:00:02]} 21. Rb1 {[%emt 0:00:07]} c3 {[%emt 0:00:01]} 22. Qd3 {[%emt 0:00:06]} g6 {[%emt 0:00:05]} 23. Be7 {[%emt 0:00:10]} Qc8 {[%emt 0:00:16]} 24. Qxc3 {[%emt 0:00:02]} Nxd5 {[%emt 0:00:02]} 25. Qd2 {[%emt 0:00:06]} Nxe7 {[%emt 0:00:04]} 26. Qh6 {[%emt 0:00:06]} Qxc2 {[%emt 0:00:45]} 27. Qg7# {[%emt 0:00:04] (Lag: Av=0.88s, max=1.3s)} 1-0

[Event "Stay Safe Play From Home 279"]
[Site "Emanuel Lasker Arena"]
[Date "2020.07.05"]
[Round "7"]
[White "Robk"]
[Black "Indianquant"]
[Result "0-1"]
[WhiteElo "1617"]
[BlackElo "2316"]
[Annotator "TA"]
[PlyCount "102"]
[EventDate "2020.07.05"]
[EventType "swiss (blitz)"]

{[%evp 22,102,-49,-65,-37,-186,-174,-260,-272,-270,-270,-369,-335,-414,-430,-458,-454,-579,-551,-647,-591,-722,-541,-624,-540,-550,-550,-438,-184,-321,-143,-402,-239,-238,-203,-305,-314,-294,-274,-405,-306,-658,-554,-885,-822,-845,-829,-831,-827,-1070,-1035,-4858,-4849,-1492,-1010,-4821,-963,-29968,-29970,-29971,-29971,-29970,-29968,-29967,-29969,-29968,-29970,-29972,-29973,-29978,-29978,-29978,-29979,-29980,-29981,-29981,-29981,-29982,0,-29981,-29982,-29982,-29983]} 1. e4 c5 2. Nf3 d6 3. d4 cxd4 4. Nxd4 Nf6 5. Nc3 a6 6. Be3 e5 7. Nb3 Be6 8. f3 Be7 9. Qd2 O-O 10. Be2 Nbd7 11. O-O-O b5 {[%cal Bb7b5,Bb5b4][%mdl 32]} 12. g4 Nb6 {B92: Sicilian Najdorf: 6 Be2.} (12... b4 $5 {[%cal Rb4c3]} 13. Nd5 Bxd5 14. exd5 a5 $15) 13. h4 (13. g5 $1 $15 Nfd7 14. Kb1) 13... b4 $19 14. Nb1 {[#]} (14. Bxb6 $142 bxc3 15. Qe3 cxb2+ 16. Kxb2) 14... a5 $1 {[%cal Ba6a5,Ba5a4][%mdl 32] Black has a decisive advantage.} 15. h5 a4 {[#]} 16. Na1 $146 ({Predecessor:} 16. Qxb4 axb3 17. Bxb6 Qc8 18. axb3 Rb8 19. Qa5 Bxb3 20. Bd3 Qc6 21. Be3 d5 22. Qd2 {0-1 (28) Kahancova,J (1636)-Goga,F (1907) Banska Stiavnica 2013}) 16... Nfd7 17. g5 d5 18. g6 d4 {[%mdl 64] [#] Discovered Attack} 19. Bxd4 exd4 20. Qxd4 Bg5+ 21. Nd2 b3 22. axb3 axb3 23. Naxb3 Bxb3 24. cxb3 Ra1+ 25. Kc2 Qc7+ (25... Bf6 $19 26. gxf7+ Rxf7) 26. Bc4 $2 {[%mdl 8192]} (26. Nc4 $17 Rxd1 27. Kxd1) 26... Rxd1 (26... Bf6 $142 27. gxf7+ Rxf7 28. Qxf6 gxf6 29. Rxa1 Ne5 30. Rhg1+ Kf8) 27. Rxd1 Kh8 28. Kb1 (28. gxf7 {keeps fighting.} Rxf7 29. Kb1) 28... fxg6 29. hxg6 h6 30. Qg1 (30. Be2 $142) 30... Nxc4 31. bxc4 $2 (31. Nxc4 Rxf3 32. Qd4) 31... Ne5 32. Qd4 Rd8 33. Qc3 Nxg6 34. Qc2 Qd7 35. Kc1 Qd4 36. Qc3 Qxc3+ 37. bxc3 Ne5 38. Kc2 Bxd2 (38... Rxd2+ $142 39. Rxd2 Bxd2 40. Kxd2 g5) 39. Rxd2 Rxd2+ 40. Kxd2 Nxc4+ {[%mdl 4096] Endgame KN-K3P} 41. Kd3 Ne5+ 42. Ke3 Kg8 43. f4 Nc6 44. c4 Kf7 45. e5 Ke6 46. Ke4 g6 47. c5 h5 48. Kf3 Kd5 49. Kg3 Ke6 $2 (49... Ke4 {mates} 50. Kh4 Kxf4 51. Kh3 Nxe5 52. Kg2 h4 53. Kh2 g5 54. c6 Nxc6 55. Kg2 g4 56. Kf2 h3 57. Ke2 g3 58. Kd3 g2 59. Kd2 g1=Q 60. Kc3 Qc5+ 61. Kb2 h2 62. Ka2 h1=Q 63. Kb2 Qb4+ 64. Kc2 Qhb1#) 50. Kh4 $2 {[%mdl 8192]} (50. Kf3 $11 Kf5 51. Ke3) 50... Kf5 51. Kg3 Nd4 {Black took control after the opening. Accuracy: White = 28%, Black = 59%.} 0-1